[Event "Kandidatklassen"]
[Site "?"]
[Date "2018.04.02"]
[Round "7.1"]
[White "Haarmark Nielsen (2308), Viktor"]
[Black "Aabling-Thomsen (2358), IM Jakob"]
[Result "1/2-1/2"]
[BlackElo "2358"]
[WhiteElo "2308"]
[LiveChessVersion "1.4.8"]

1. e4 c5 {[%clk 1:29:40]} 2. Nf3 {[%clk 1:31:17]} d6 {[%clk 1:29:59]} 3. d4
{[%clk 1:31:41]} cxd4 {[%clk 1:30:14]} 4. Nxd4 {[%clk 1:32:04]} Nf6
{[%clk 1:30:33]} 5. f3 {[%clk 1:29:36]} Nc6 {[%clk 1:14:40]} 6. c4
{[%clk 1:29:12]} e6 7. Nc3 Be7 {[%clk 1:12:52]} 8. Be3 {[%clk 1:28:58]} O-O
{[%clk 1:12:43]} 9. Be2 {[%clk 1:28:51]} d5 {[%clk 1:07:57]} 10. Nxc6
{[%clk 1:19:22]} bxc6 {[%clk 1:08:25]} 11. O-O {[%clk 1:19:10]} dxe4
{[%clk 1:03:49]} 12. Nxe4 {[%clk 1:14:48]} Nxe4 {[%clk 1:01:17]} 13. fxe4
{[%clk 1:14:46]} Qxd1 {[%clk 0:59:58]} 14. Raxd1 {[%clk 1:14:03]} e5
{[%clk 1:00:05]} 15. h3 {[%clk 0:37:08]} Be6 {[%clk 0:57:40]} 16. b3
{[%clk 0:37:20]} f6 {[%clk 0:42:33]} 17. Bg4 {[%clk 0:37:08]} Kf7
{[%clk 0:42:46]} 18. Bxe6+ {[%clk 0:36:33]} Kxe6 {[%clk 0:43:14]} 19. Kf2
{[%clk 0:36:44]} Rfd8 {[%clk 0:39:04]} 20. Ke2 {[%clk 0:36:19]} a6
{[%clk 0:35:32]} 21. Bb6 {[%clk 0:31:50]} Rxd1 {[%clk 0:35:49]} 22. Rxd1
{[%clk 0:32:14]} Rb8 {[%clk 0:36:10]} 23. Be3 {[%clk 0:30:43]} h5
{[%clk 0:35:39]} 24. Rb1 {[%clk 0:26:59]} Bb4 {[%clk 0:31:12]} 25. c5
{[%clk 0:24:07]} Ba5 {[%clk 0:19:17]} 26. Kd3 {[%clk 0:21:34]} g6
{[%clk 0:19:10]} 27. g4 {[%clk 0:17:59]} Rh8 {[%clk 0:17:31]} 28. b4
{[%clk 0:18:16]} Bc7 {[%clk 0:17:08]} 29. Rb3 {[%clk 0:12:08]} hxg4
{[%clk 0:09:47]} 30. hxg4 {[%clk 0:12:29]} f5 {[%clk 0:09:10]} 31. gxf5+
{[%clk 0:11:27]} gxf5 {[%clk 0:09:39]} 32. exf5+ {[%clk 0:09:49]} Kxf5
{[%clk 0:10:08]} 33. Rb1 {[%clk 0:03:58]} Rh2 {[%clk 0:07:40]} 34. a4
{[%clk 0:03:00]} Ra2 {[%clk 0:07:37]} 35. b5 {[%clk 0:01:50]} e4+
{[%clk 0:07:00]} 36. Kc3 {[%clk 0:01:38]} axb5 {[%clk 0:05:27]} 37. axb5
{[%clk 0:02:00]} Be5+ {[%clk 0:02:50]} 38. Bd4 {[%clk 0:00:50]} Ra5
{[%clk 0:00:48]} 39. Bxe5 {[%clk 0:00:43]} Kxe5 {[%clk 0:01:16]} 40. bxc6
{[%clk 0:00:37]} Rxc5+ {[%clk 0:01:37]} 41. Kd2 {[%clk 0:01:03]} Rxc6
{[%clk 0:01:43]} 42. Rb3 {[%clk 0:01:25]} Ra6 {[%clk 0:01:25]} 43. Ke3
{[%clk 0:01:19]} Ra5 {[%clk 0:29:54]} 44. Ke2 {[%clk 0:30:45]} Kf4
{[%clk 0:29:58]} 45. Rc3 {[%clk 0:30:48]} Ra2+ {[%clk 0:29:51]} 46. Ke1
{[%clk 0:31:12]} Rg2 {[%clk 0:27:41]} 47. Ra3 {[%clk 0:31:05]} Rg3
{[%clk 0:27:54]} 48. Rxg3 {[%clk 0:31:22]} Kxg3 {[%clk 0:28:18]} 49. Ke2
{[%clk 0:31:48]} Kf4 {[%clk 0:28:42]} 50. Kf2 {[%clk 0:32:15]} Kf5
{[%clk 0:28:28]} 51. Ke2 {[%clk 0:32:35]} Kf4 {[%clk 0:28:47]} 52. Kf2
{[%clk 0:33:00]} e3+ {[%clk 0:29:14]} 53. Ke2 {[%clk 0:33:15]} Ke4
{[%clk 0:29:42]} 54. Ke1 {[%clk 0:33:39]} Kd3 {[%clk 0:30:04]} 55. Kd1
{[%clk 0:34:05]} e2+ {[%clk 0:30:31]} 56. Ke1 {[%clk 0:34:30]} Ke3
{[%clk 0:31:00]} 1/2-1/2

[Event "Kandidatklassen"]
[Site "?"]
[Date "2018.04.02"]
[Round "7.2"]
[White "Søndergaard Thybo (2044), Thomas"]
[Black "Nørskov Laursen (2291), FM Niels"]
[Result "0-1"]
[BlackElo "2291"]
[WhiteElo "2044"]
[LiveChessVersion "1.4.8"]

1. e4 {[%clk 1:30:55]} d6 {[%clk 1:30:56]} 2. d4 {[%clk 1:30:46]} Nf6
{[%clk 1:31:21]} 3. Nc3 {[%clk 1:30:56]} g6 {[%clk 1:31:46]} 4. Be3
{[%clk 1:29:35]} a6 {[%clk 1:32:08]} 5. f3 {[%clk 1:24:27]} b5 {[%clk 1:32:21]}
6. Qd2 {[%clk 1:24:43]} Nbd7 {[%clk 1:32:18]} 7. h4 {[%clk 1:19:06]} h6
{[%clk 1:32:33]} 8. Nh3 {[%clk 1:16:24]} Bg7 {[%clk 1:24:07]} 9. O-O-O
{[%clk 1:15:22]} Bb7 {[%clk 1:18:58]} 10. g4 {[%clk 1:07:38]} Nb6
{[%clk 1:17:03]} 11. g5 {[%clk 1:01:51]} hxg5 {[%clk 1:16:46]} 12. hxg5
{[%clk 1:01:31]} Nfd7 {[%clk 1:16:26]} 13. Be2 {[%clk 1:00:00]} b4
{[%clk 1:07:50]} 14. Nb1 {[%clk 0:59:38]} a5 {[%clk 0:55:19]} 15. Nf2
{[%clk 0:58:36]} Rxh1 {[%clk 0:52:17]} 16. Rxh1 {[%clk 0:58:50]} c5
{[%clk 0:45:03]} 17. Rh7 {[%clk 0:57:44]} Kf8 {[%clk 0:44:46]} 18. Ng4
{[%clk 0:49:20]} Kg8 {[%clk 0:44:03]} 19. Rh1 {[%clk 0:49:07]} Rc8
{[%clk 0:40:52]} 20. Bb5 {[%clk 0:44:31]} cxd4 {[%clk 0:33:42]} 21. Bxd4
{[%clk 0:41:01]} e5 {[%clk 0:24:15]} 22. Be3 {[%clk 0:41:00]} d5 {[%clk 0:17:49]}
23. Qh2 {[%clk 0:27:13]} d4 {[%clk 0:17:27]} 24. Qh7+ {[%clk 0:24:32]} Kf8
{[%clk 0:17:52]} 25. Nh6 {[%clk 0:24:16]} Bxh6 {[%clk 0:17:50]} 26. Qxh6+
{[%clk 0:24:16]} Ke7 {[%clk 0:18:06]} 27. Bg1 {[%clk 0:23:10]} Qc7
{[%clk 0:16:46]} 28. Rh2 {[%clk 0:22:40]} a4 {[%clk 0:12:21]} 29. Qg7
{[%clk 0:20:13]} Qc5 {[%clk 0:09:45]} 30. Bd3 {[%clk 0:19:55]} Nc4
{[%clk 0:08:59]} 31. Rh7 {[%clk 0:18:16]} Nd6 {[%clk 0:08:54]} 32. Qxg6
{[%clk 0:11:38]} Ba6 {[%clk 0:06:42]} 33. Rxf7+ {[%clk 0:10:58]} Nxf7
{[%clk 0:07:06]} 34. Qxa6 {[%clk 0:11:22]} Rh8 {[%clk 0:05:08]} 35. g6
{[%clk 0:08:25]} Rh1 {[%clk 0:04:11]} 36. gxf7 {[%clk 0:08:31]} Rxg1+
{[%clk 0:04:27]} 37. Bf1 {[%clk 0:08:55]} d3 {[%clk 0:02:15]} 38. Qxd3
{[%clk 0:09:08]} Qf2 {[%clk 0:02:19]} 0-1

[Event "Kandidatklassen"]
[Site "?"]
[Date "2018.04.02"]
[Round "7.3"]
[White "Valentin Rostgaard (2288), FM Tobias"]
[Black "Skaarup (2055), Kasper"]
[Result "1-0"]
[BlackElo "2055"]
[WhiteElo "2288"]
[LiveChessVersion "1.4.8"]

1. d4 {[%clk 1:30:20]} e6 {[%clk 1:30:53]} 2. Bf4 {[%clk 1:30:10]} Nf6
{[%clk 1:31:15]} 3. e3 {[%clk 1:30:27]} c5 {[%clk 1:31:11]} 4. Nd2
{[%clk 1:30:17]} Nc6 {[%clk 1:30:39]} 5. c3 {[%clk 1:29:04]} b6 {[%clk 1:29:03]}
6. Bd3 {[%clk 1:28:59]} Bb7 {[%clk 1:29:10]} 7. Ngf3 {[%clk 1:29:12]} Be7
{[%clk 1:28:35]} 8. h3 {[%clk 1:28:48]} O-O {[%clk 1:28:56]} 9. O-O
{[%clk 1:29:00]} Nd5 {[%clk 1:25:59]} 10. Bh2 {[%clk 1:28:32]} f5
{[%clk 1:26:23]} 11. a3 {[%clk 1:26:31]} Qe8 {[%clk 1:22:53]} 12. Nc4
{[%clk 1:16:32]} cxd4 {[%clk 1:15:05]} 13. exd4 {[%clk 1:15:17]} f4
{[%clk 1:15:01]} 14. Nce5 {[%clk 1:13:29]} Nxe5 {[%clk 1:11:16]} 15. Nxe5
{[%clk 1:12:11]} Bd6 {[%clk 1:10:22]} 16. Qc2 {[%clk 1:10:17]} g6
{[%clk 0:56:55]} 17. Be4 {[%clk 1:09:06]} Bxe5 {[%clk 0:56:23]} 18. dxe5
{[%clk 1:09:27]} Rc8 {[%clk 0:56:26]} 19. Qe2 {[%clk 1:07:28]} Qf7
{[%clk 0:53:27]} 20. c4 {[%clk 1:05:42]} Ba6 {[%clk 0:53:45]} 21. Rac1
{[%clk 1:05:58]} Ne7 {[%clk 0:53:42]} 22. b4 {[%clk 1:05:49]} Rc7
{[%clk 0:52:47]} 23. b5 {[%clk 0:57:25]} Bb7 {[%clk 0:53:10]} 24. Bxb7
{[%clk 0:55:39]} Rxb7 {[%clk 0:53:34]} 25. Qe4 {[%clk 0:55:11]} Rc7
{[%clk 0:53:39]} 26. Rfd1 {[%clk 0:54:26]} g5 {[%clk 0:50:36]} 27. Qe2
{[%clk 0:43:59]} Ng6 {[%clk 0:45:46]} 28. Rd4 {[%clk 0:38:49]} Qf5
{[%clk 0:41:56]} 29. Re1 {[%clk 0:35:41]} Kg7 {[%clk 0:32:02]} 30. Kh1
{[%clk 0:34:35]} h6 {[%clk 0:32:16]} 31. a4 {[%clk 0:30:46]} Nh4 {[%clk 0:29:52]}
32. Qd1 {[%clk 0:29:09]} f3 {[%clk 0:23:21]} 33. g4 {[%clk 0:28:47]} Qf7
{[%clk 0:23:16]} 34. Re3 {[%clk 0:28:48]} h5 {[%clk 0:20:01]} 35. Red3
{[%clk 0:28:49]} Rd8 {[%clk 0:19:48]} 36. Bg3 {[%clk 0:29:05]} hxg4
{[%clk 0:13:53]} 37. Bxh4 {[%clk 0:29:16]} 1-0

[Event "Kandidatklassen"]
[Site "?"]
[Date "2018.04.02"]
[Round "7.4"]
[White "Manosri Jacobsen (2154), FM Mikkel"]
[Black "Jaksland (2210), FM Tim"]
[Result "1/2-1/2"]
[BlackElo "2210"]
[WhiteElo "2154"]
[LiveChessVersion "1.4.8"]

1. d4 {[%clk 1:30:56]} Nf6 {[%clk 1:28:10]} 2. c4 {[%clk 1:29:18]} g6
{[%clk 1:24:53]} 3. Nf3 {[%clk 1:29:35]} Bg7 {[%clk 1:25:11]} 4. Nc3
{[%clk 1:29:50]} O-O {[%clk 1:25:33]} 5. Bg5 {[%clk 1:30:17]} c5 {[%clk 1:25:09]}
6. d5 {[%clk 1:30:44]} h6 {[%clk 1:25:24]} 7. Bh4 {[%clk 1:31:12]} d6
{[%clk 1:25:33]} 8. e3 {[%clk 1:31:24]} g5 {[%clk 1:24:52]} 9. Bg3
{[%clk 1:31:52]} Nh5 {[%clk 1:25:15]} 10. Bd3 {[%clk 1:32:18]} f5
{[%clk 1:24:22]} 11. Nd2 {[%clk 1:32:41]} Nxg3 {[%clk 1:24:46]} 12. hxg3
{[%clk 1:33:08]} Na6 {[%clk 1:24:26]} 13. a3 {[%clk 1:29:27]} Nc7
{[%clk 1:22:44]} 14. Qc2 {[%clk 1:23:29]} Bd7 {[%clk 0:48:46]} 15. f4
{[%clk 1:12:11]} e6 {[%clk 0:45:53]} 16. dxe6 {[%clk 1:09:50]} Bxe6
{[%clk 0:45:32]} 17. Nf3 {[%clk 0:56:26]} g4 {[%clk 0:25:55]} 18. Nh4
{[%clk 0:56:23]} Qf6 {[%clk 0:26:08]} 19. O-O {[%clk 0:41:36]} b5
{[%clk 0:12:47]} 20. Nxb5 {[%clk 0:28:57]} Nxb5 {[%clk 0:12:30]} 21. cxb5
{[%clk 0:29:25]} Qxb2 {[%clk 0:11:32]} 22. Rad1 {[%clk 0:22:50]} Qxc2
{[%clk 0:10:45]} 23. Bxc2 {[%clk 0:23:18]} d5 {[%clk 0:10:42]} 24. Ng6
{[%clk 0:18:47]} Rfd8 {[%clk 0:09:38]} 25. Ne7+ {[%clk 0:18:16]} Kf7
{[%clk 0:09:04]} 26. Nxf5 {[%clk 0:18:41]} Bf8 {[%clk 0:07:51]} 27. Kf2
{[%clk 0:11:14]} Kf6 {[%clk 0:06:57]} 28. Nh4 {[%clk 0:10:47]} 1/2-1/2

[Event "Kandidatklassen"]
[Site "?"]
[Date "2018.04.02"]
[Round "7.5"]
[White "Jørgen Jørgensen (2226), Brian"]
[Black "Hartung-Nielsen (2204), Jens"]
[Result "1-0"]
[BlackElo "2204"]
[WhiteElo "2228"]
[LiveChessVersion "1.4.8"]

1. d4 {[%clk 1:30:56]} d5 {[%clk 1:30:54]} 2. c4 {[%clk 1:29:45]} e6
{[%clk 1:31:16]} 3. Nc3 {[%clk 1:30:11]} Bb4 {[%clk 1:31:40]} 4. Nf3
{[%clk 1:29:14]} Nf6 {[%clk 1:31:46]} 5. Bg5 {[%clk 1:28:28]} h6 {[%clk 1:32:06]}
6. Bh4 {[%clk 1:28:43]} O-O {[%clk 1:23:32]} 7. cxd5 {[%clk 1:27:00]} exd5
{[%clk 1:23:54]} 8. e3 {[%clk 1:27:02]} c6 {[%clk 1:14:02]} 9. Qc2
{[%clk 1:25:16]} g5 {[%clk 1:11:36]} 10. Bg3 {[%clk 1:24:55]} Ne4
{[%clk 1:12:00]} 11. Bd3 {[%clk 1:19:52]} Qa5 {[%clk 1:08:25]} 12. O-O
{[%clk 1:12:57]} f5 {[%clk 0:50:34]} 13. Ne2 {[%clk 1:11:12]} Be6
{[%clk 0:47:39]} 14. h4 {[%clk 0:59:08]} Be7 {[%clk 0:46:37]} 15. hxg5
{[%clk 0:56:51]} hxg5 {[%clk 0:46:00]} 16. Ne5 {[%clk 0:56:47]} Kg7
{[%clk 0:45:15]} 17. f3 {[%clk 0:56:33]} Nd6 {[%clk 0:43:54]} 18. e4
{[%clk 0:52:21]} f4 {[%clk 0:38:29]} 19. Be1 {[%clk 0:42:43]} Qd8
{[%clk 0:36:46]} 20. g3 {[%clk 0:38:40]} Nd7 {[%clk 0:30:51]} 21. gxf4
{[%clk 0:37:27]} gxf4 {[%clk 0:29:55]} 22. Rf2 {[%clk 0:37:49]} Nxe5
{[%clk 0:24:21]} 23. dxe5 {[%clk 0:38:09]} Nc4 {[%clk 0:23:09]} 24. Rg2+
{[%clk 0:37:14]} Kf7 {[%clk 0:21:06]} 25. exd5 {[%clk 0:33:14]} Bc5+
{[%clk 0:21:05]} 26. Kh1 {[%clk 0:27:04]} Qxd5 {[%clk 0:13:59]} 27. Bg6+
{[%clk 0:25:05]} Ke7 {[%clk 0:13:58]} 28. Bh4+ {[%clk 0:25:24]} Kd7
{[%clk 0:14:20]} 29. Rd1 {[%clk 0:25:45]} Rh8 {[%clk 0:10:41]} 30. Rh2
{[%clk 0:21:40]} Ne3 {[%clk 0:03:37]} 31. Rxd5+ {[%clk 0:21:52]} Bxd5
{[%clk 0:04:01]} 32. Qxc5 {[%clk 0:21:07]} Bxf3+ {[%clk 0:04:26]} 33. Kg1
{[%clk 0:21:29]} Rag8 {[%clk 0:04:43]} 34. Nxf4 {[%clk 0:21:31]} 1-0

[Event "Kandidatklassen"]
[Site "?"]
[Date "2018.04.02"]
[Round "7.6"]
[White "Haubro (2376), IM Martin"]
[Black "Hovgaard Schack (2055), Asbjørn"]
[Result "1-0"]
[BlackElo "2055"]
[WhiteElo "2376"]
[LiveChessVersion "1.4.8"]

1. e4 {[%clk 1:30:56]} e6 {[%clk 1:30:47]} 2. d4 {[%clk 1:31:22]} d5
{[%clk 1:31:10]} 3. Nc3 {[%clk 1:31:47]} Nf6 {[%clk 1:31:12]} 4. e5
{[%clk 1:32:13]} Nfd7 {[%clk 1:31:27]} 5. f4 {[%clk 1:32:39]} c5 {[%clk 1:31:37]}
6. Nf3 {[%clk 1:33:01]} Nc6 {[%clk 1:31:29]} 7. Be3 {[%clk 1:33:23]} Be7
{[%clk 1:30:56]} 8. Qd2 {[%clk 1:33:49]} O-O {[%clk 1:30:05]} 9. dxc5
{[%clk 1:34:15]} Bxc5 {[%clk 1:29:42]} 10. O-O-O {[%clk 1:34:36]} Qa5
{[%clk 1:27:23]} 11. a3 {[%clk 1:34:15]} a6 {[%clk 1:19:27]} 12. Bxc5
{[%clk 1:28:35]} Nxc5 {[%clk 1:15:22]} 13. Qe3 {[%clk 1:29:01]} Qb6
{[%clk 1:07:52]} 14. Nd4 {[%clk 1:28:24]} Nxd4 {[%clk 1:06:08]} 15. Rxd4
{[%clk 1:28:49]} Qc6 {[%clk 0:56:00]} 16. Be2 {[%clk 1:16:31]} f5
{[%clk 0:49:34]} 17. exf6 {[%clk 1:16:19]} Rxf6 {[%clk 0:49:30]} 18. Bf3
{[%clk 1:14:48]} Qc7 {[%clk 0:33:18]} 19. Nxd5 {[%clk 1:12:18]} exd5
{[%clk 0:31:23]} 20. Rxd5 {[%clk 1:07:25]} Nd7 {[%clk 0:24:34]} 21. Rhd1
{[%clk 1:05:54]} Qxf4 {[%clk 0:20:41]} 22. Qxf4 {[%clk 1:06:17]} Rxf4
{[%clk 0:21:07]} 23. Rxd7 {[%clk 1:06:42]} Bxd7 {[%clk 0:21:02]} 24. Rxd7
{[%clk 1:07:06]} Rb8 {[%clk 0:19:40]} 25. Bxb7 {[%clk 1:02:37]} Rf6
{[%clk 0:19:11]} 26. b4 {[%clk 1:02:09]} Kf8 {[%clk 0:18:56]} 27. Kd2
{[%clk 0:55:53]} Rf7 {[%clk 0:14:04]} 28. Rxf7+ {[%clk 0:56:16]} Kxf7
{[%clk 0:14:33]} 29. Bxa6 {[%clk 0:49:27]} Ra8 {[%clk 0:14:13]} 30. b5
{[%clk 0:49:51]} Ke7 {[%clk 0:14:30]} 31. Kc3 {[%clk 0:50:16]} Kd6
{[%clk 0:14:27]} 32. Kb4 {[%clk 0:50:41]} Rf8 {[%clk 0:10:49]} 33. c4
{[%clk 0:48:08]} Rf4 {[%clk 0:06:03]} 34. Bb7 {[%clk 0:48:24]} h5
{[%clk 0:02:00]} 35. a4 {[%clk 0:48:20]} h4 {[%clk 0:01:00]} 36. h3
{[%clk 0:48:46]} g5 {[%clk 0:01:08]} 37. Bf3 {[%clk 0:49:04]} Rd4
{[%clk 0:00:46]} 38. a5 {[%clk 0:49:22]} Rd2 {[%clk 0:00:39]} 39. c5+
{[%clk 0:48:44]} Kc7 {[%clk 0:00:45]} 40. b6+ {[%clk 0:49:03]} Kd7
{[%clk 0:00:33]} 41. a6 {[%clk 0:49:12]} 1-0

[Event "Kandidatklassen"]
[Site "?"]
[Date "2018.04.02"]
[Round "7.7"]
[White "Rossen (2176), Claus"]
[Black "Fredericia Nilssen (2044), Ellen"]
[Result "1/2-1/2"]
[BlackElo "2044"]
[WhiteElo "2176"]
[LiveChessVersion "1.4.8"]

1. d4 {[%clk 1:30:57]} e6 {[%clk 1:30:53]} 2. c4 {[%clk 1:31:23]} d5
{[%clk 1:29:29]} 3. g3 {[%clk 1:31:22]} Be7 {[%clk 1:27:17]} 4. Bg2
{[%clk 1:31:43]} Nf6 {[%clk 1:27:38]} 5. Nf3 {[%clk 1:32:10]} O-O
{[%clk 1:26:33]} 6. Nbd2 {[%clk 1:30:53]} b6 {[%clk 1:23:59]} 7. O-O
{[%clk 1:28:43]} Bb7 {[%clk 1:24:22]} 8. Qc2 {[%clk 1:26:10]} Nbd7
{[%clk 1:21:33]} 9. Ne5 {[%clk 1:23:38]} c5 {[%clk 1:14:57]} 10. cxd5
{[%clk 1:18:20]} Nxd5 {[%clk 1:12:22]} 11. Nxd7 {[%clk 1:12:08]} Qxd7
{[%clk 1:12:42]} 12. dxc5 {[%clk 1:12:34]} Nb4 {[%clk 1:06:53]} 13. Qb3
{[%clk 1:09:11]} Bxg2 {[%clk 1:06:29]} 14. Kxg2 {[%clk 1:09:22]} Qc6+
{[%clk 1:04:34]} 15. Qf3 {[%clk 1:00:15]} Qxf3+ {[%clk 1:02:43]} 16. Nxf3
{[%clk 0:59:44]} Bxc5 {[%clk 1:03:07]} 17. a3 {[%clk 0:57:06]} Nc2
{[%clk 0:58:23]} 18. Ra2 {[%clk 0:48:07]} Nd4 {[%clk 0:55:42]} 19. b4
{[%clk 0:48:07]} Nxf3 {[%clk 0:52:50]} 20. bxc5 {[%clk 0:48:00]} Ne5
{[%clk 0:52:30]} 21. Bf4 {[%clk 0:39:54]} Nc4 {[%clk 0:43:43]} 22. Rc1
{[%clk 0:34:42]} b5 {[%clk 0:43:07]} 23. a4 {[%clk 0:32:45]} a6 {[%clk 0:43:12]}
24. axb5 {[%clk 0:21:41]} axb5 {[%clk 0:43:31]} 25. Rxa8 {[%clk 0:20:50]} Rxa8
{[%clk 0:43:59]} 26. Bc7 {[%clk 0:19:36]} Rc8 {[%clk 0:34:18]} 27. Bb6
{[%clk 0:19:08]} Rc6 {[%clk 0:34:07]} 28. Ba7 {[%clk 0:18:25]} Rc7
{[%clk 0:33:37]} 29. Bb6 {[%clk 0:16:03]} Rc6 {[%clk 0:34:02]} 30. Rd1
{[%clk 0:12:46]} g6 {[%clk 0:24:11]} 31. Ba7 {[%clk 0:10:03]} Rc7
{[%clk 0:23:22]} 32. Ra1 {[%clk 0:09:42]} Kg7 {[%clk 0:15:14]} 33. f3
{[%clk 0:06:59]} b4 {[%clk 0:14:45]} 34. Rc1 {[%clk 0:03:34]} Rxa7
{[%clk 0:13:57]} 35. Rxc4 {[%clk 0:03:59]} b3 {[%clk 0:13:47]} 36. Rb4
{[%clk 0:03:16]} Rc7 {[%clk 0:14:12]} 37. Rxb3 {[%clk 0:03:40]} Rxc5
{[%clk 0:14:38]} 38. f4 {[%clk 0:03:53]} h5 {[%clk 0:14:07]} 39. h3
{[%clk 0:04:10]} Ra5 {[%clk 0:13:10]} 40. g4 {[%clk 0:04:24]} hxg4
{[%clk 0:12:31]} 41. hxg4 {[%clk 0:04:45]} g5 {[%clk 0:09:58]} 42. e3
{[%clk 0:03:52]} f5 {[%clk 0:09:05]} 43. Kf3 {[%clk 0:28:39]} fxg4+
{[%clk 0:39:00]} 44. Kxg4 {[%clk 0:29:03]} gxf4 {[%clk 0:39:25]} 45. exf4
{[%clk 0:29:19]} Kf6 {[%clk 0:39:41]} 46. Rb8 {[%clk 0:28:58]} Rc5
{[%clk 0:38:47]} 47. Rf8+ {[%clk 0:27:10]} 1/2-1/2

[Event "Kandidatklassen"]
[Site "?"]
[Date "2018.04.02"]
[Round "7.8"]
[White "Le Besq (2058), Alexander"]
[Black "Miqueu (2159), Jean-Phillipe"]
[Result "0-1"]
[BlackElo "2159"]
[WhiteElo "2056"]
[LiveChessVersion "1.4.8"]

1. e4 {[%clk 1:30:58]} e5 {[%clk 1:29:54]} 2. Nf3 {[%clk 1:31:21]} Nc6
{[%clk 1:30:19]} 3. Bb5 {[%clk 1:31:44]} a6 {[%clk 1:30:41]} 4. Ba4
{[%clk 1:32:10]} Nf6 {[%clk 1:31:04]} 5. O-O {[%clk 1:32:33]} Be7
{[%clk 1:31:28]} 6. Re1 {[%clk 1:32:56]} b5 {[%clk 1:31:52]} 7. Bb3
{[%clk 1:33:22]} d6 {[%clk 1:32:16]} 8. c3 {[%clk 1:33:29]} O-O {[%clk 1:32:36]}
9. h3 {[%clk 1:33:48]} Nb8 {[%clk 1:32:55]} 10. d4 {[%clk 1:34:02]} Nbd7
{[%clk 1:33:18]} 11. Nbd2 {[%clk 1:32:46]} Bb7 {[%clk 1:33:40]} 12. Bc2
{[%clk 1:27:03]} Re8 {[%clk 1:33:34]} 13. Nf1 {[%clk 1:27:27]} Bf8
{[%clk 1:33:47]} 14. Ng3 {[%clk 1:27:02]} g6 {[%clk 1:34:06]} 15. b3
{[%clk 1:21:03]} c6 {[%clk 1:25:38]} 16. Qd2 {[%clk 1:18:17]} Bg7
{[%clk 0:59:49]} 17. Bb2 {[%clk 1:16:57]} Qc7 {[%clk 0:56:18]} 18. Rad1
{[%clk 1:13:24]} Rad8 {[%clk 0:50:14]} 19. Qc1 {[%clk 0:57:56]} Nf8
{[%clk 0:25:22]} 20. Qa1 {[%clk 0:51:00]} N6d7 {[%clk 0:22:10]} 21. Kh1
{[%clk 0:43:50]} Ne6 {[%clk 0:22:00]} 22. Nf1 {[%clk 0:35:57]} d5
{[%clk 0:20:03]} 23. exd5 {[%clk 0:34:30]} cxd5 {[%clk 0:20:18]} 24. dxe5
{[%clk 0:34:14]} Nxe5 {[%clk 0:20:32]} 25. Nxe5 {[%clk 0:22:44]} Bxe5
{[%clk 0:20:55]} 26. Ne3 {[%clk 0:22:03]} Bg7 {[%clk 0:18:28]} 27. Bd3
{[%clk 0:16:51]} Nf4 {[%clk 0:13:37]} 28. Kg1 {[%clk 0:15:46]} Qc6
{[%clk 0:12:02]} 29. Bf1 {[%clk 0:02:47]} d4 {[%clk 0:11:03]} 30. Ng4
{[%clk 0:01:56]} dxc3 {[%clk 0:10:12]} 31. Rxd8 {[%clk 0:01:38]} Rxd8
{[%clk 0:10:10]} 32. Bc1 {[%clk 0:00:51]} Nxg2 {[%clk 0:09:21]} 33. Nh6+
{[%clk 0:00:37]} Bxh6 {[%clk 0:08:56]} 34. Bxh6 {[%clk 0:01:00]} Nxe1
{[%clk 0:09:11]} 35. Kh2 {[%clk 0:00:40]} Qh1+ {[%clk 0:07:25]} 36. Kg3
{[%clk 0:01:01]} Qf3+ {[%clk 0:07:27]} 0-1

[Event "Kandidatklassen"]
[Site "?"]
[Date "2018.04.02"]
[Round "7.9"]
[White "Kvist Brondt Pedersen (2171), Nicolai"]
[Black "Stentebjerg-Hansen (2231), Per"]
[Result "1/2-1/2"]
[BlackElo "2231"]
[WhiteElo "2171"]
[LiveChessVersion "1.4.8"]

1. d4 {[%clk 1:27:50]} d5 {[%clk 1:30:55]} 2. c4 {[%clk 1:28:15]} c6
{[%clk 1:31:21]} 3. Nf3 {[%clk 1:28:37]} Nf6 {[%clk 1:31:45]} 4. Nc3
{[%clk 1:29:02]} a6 {[%clk 1:32:01]} 5. e3 {[%clk 1:29:15]} e6 {[%clk 1:26:44]}
6. b3 {[%clk 1:26:14]} Bb4 {[%clk 1:14:52]} 7. Bd2 {[%clk 1:24:29]} Nbd7
{[%clk 1:14:21]} 8. Bd3 {[%clk 1:23:52]} c5 {[%clk 1:04:03]} 9. O-O
{[%clk 1:19:10]} O-O {[%clk 1:02:52]} 10. Qc2 {[%clk 1:10:21]} Re8
{[%clk 0:56:00]} 11. cxd5 {[%clk 0:47:50]} exd5 {[%clk 0:55:54]} 12. a3
{[%clk 0:45:32]} Ba5 {[%clk 0:52:42]} 13. Na4 {[%clk 0:42:50]} Bxd2
{[%clk 0:47:42]} 14. Qxd2 {[%clk 0:43:08]} c4 {[%clk 0:46:23]} 15. bxc4
{[%clk 0:34:16]} dxc4 {[%clk 0:46:46]} 16. Bc2 {[%clk 0:34:05]} b5
{[%clk 0:36:11]} 17. Nc3 {[%clk 0:33:12]} Bb7 {[%clk 0:33:37]} 18. Rfe1
{[%clk 0:32:50]} Ne4 {[%clk 0:26:54]} 19. Nxe4 {[%clk 0:31:52]} Bxe4
{[%clk 0:27:18]} 20. Bxe4 {[%clk 0:31:47]} Rxe4 {[%clk 0:27:45]} 21. Qc2
{[%clk 0:27:26]} Re6 {[%clk 0:24:51]} 22. e4 {[%clk 0:25:25]} Qc7
{[%clk 0:24:25]} 23. Rad1 {[%clk 0:18:10]} a5 {[%clk 0:24:25]} 24. e5
{[%clk 0:16:01]} b4 {[%clk 0:23:56]} 25. d5 {[%clk 0:11:14]} Rb6 {[%clk 0:24:09]}
26. Ng5 {[%clk 0:09:31]} Rg6 {[%clk 0:21:01]} 27. Nxf7 {[%clk 0:08:37]} Kxf7
{[%clk 0:21:14]} 28. e6+ {[%clk 0:08:44]} Kf8 {[%clk 0:14:46]} 29. exd7
{[%clk 0:09:04]} Rd8 {[%clk 0:11:04]} 30. axb4 {[%clk 0:06:59]} axb4
{[%clk 0:10:10]} 31. Qf5+ {[%clk 0:06:20]} Rf6 {[%clk 0:09:52]} 32. Qe4
{[%clk 0:06:27]} Qxd7 {[%clk 0:09:41]} 33. Qxc4 {[%clk 0:06:55]} Qd6
{[%clk 0:08:40]} 34. Re3 {[%clk 0:06:25]} Rf4 {[%clk 0:06:52]} 35. Re4
{[%clk 0:05:14]} Rxe4 {[%clk 0:06:30]} 36. Qxe4 {[%clk 0:05:43]} Kg8
{[%clk 0:06:40]} 37. Qd3 {[%clk 0:03:05]} Rb8 {[%clk 0:04:58]} 38. Qb3
{[%clk 0:02:38]} Rb5 {[%clk 0:04:30]} 39. h3 {[%clk 0:02:14]} h6 {[%clk 0:04:47]}
40. Qc4 {[%clk 0:01:39]} Rb8 {[%clk 0:05:00]} 41. Qb3 {[%clk 0:26:41]} Ra8
{[%clk 0:32:32]} 42. Re1 {[%clk 0:22:27]} Rd8 {[%clk 0:32:59]} 43. Rd1
{[%clk 0:21:42]} Ra8 {[%clk 0:33:24]} 44. Qe3 {[%clk 0:17:50]} Rd8
{[%clk 0:31:01]} 45. f4 {[%clk 0:16:45]} Kh8 {[%clk 0:30:59]} 46. Kh2
{[%clk 0:12:27]} Rb8 {[%clk 0:29:18]} 47. Qe5 {[%clk 0:10:40]} Rd8
{[%clk 0:29:47]} 48. Qxd6 {[%clk 0:10:13]} Rxd6 {[%clk 0:30:16]} 49. Kg3
{[%clk 0:10:34]} b3 {[%clk 0:29:52]} 50. Kf3 {[%clk 0:10:53]} b2 {[%clk 0:30:13]}
51. Ke4 {[%clk 0:11:16]} Rb6 {[%clk 0:30:09]} 52. Rb1 {[%clk 0:11:36]} Kg8
{[%clk 0:30:26]} 53. Kd4 {[%clk 0:08:34]} Kf7 {[%clk 0:30:51]} 54. Kc5
{[%clk 0:07:20]} Rb3 {[%clk 0:31:17]} 55. Kd6 {[%clk 0:07:03]} Kf6
{[%clk 0:25:16]} 56. Kd7 {[%clk 0:06:03]} Kf5 {[%clk 0:25:02]} 57. d6
{[%clk 0:05:18]} Kxf4 {[%clk 0:25:00]} 58. Ke7 {[%clk 0:02:50]} g5
{[%clk 0:25:21]} 59. d7 {[%clk 0:02:51]} Re3+ {[%clk 0:25:46]} 60. Kf7
{[%clk 0:02:17]} Rd3 {[%clk 0:25:58]} 61. Ke7 {[%clk 0:01:56]} Re3+
{[%clk 0:26:17]} 62. Kf7 {[%clk 0:01:01]} Rd3 {[%clk 0:26:41]} 63. Ke7
{[%clk 0:00:56]} Re3+ {[%clk 0:27:04]} 64. Kf7 {[%clk 0:00:58]} Rd3
{[%clk 0:27:29]} 65. Ke7 {[%clk 0:01:11]} Re3+ {[%clk 0:27:49]} 66. Kd6
{[%clk 0:00:52]} Rd3+ {[%clk 0:28:11]} 67. Kc7 {[%clk 0:00:48]} Rc3+
{[%clk 0:28:36]} 68. Kb7 {[%clk 0:00:41]} Rb3+ {[%clk 0:28:43]} 69. Kc7
{[%clk 0:00:49]} Rc3+ {[%clk 0:29:06]} 70. Kb7 {[%clk 0:01:06]} Ke5
{[%clk 0:27:42]} 1/2-1/2